00635naa a2200169 a 450000100080000000500110000800800410001910000180006024500830007826000090016165000130017065000110018365300110019465300110020570000210021677302280023721255392024-07-05 2020 bl uuuu u00u1 u #d1 aOTSUBO, A. A. aPreparo e seleção de material de plantio de mandioca.h[electronic resource] c2020 aMandioca aManiva aHandle aManioc1 aRANGEL, M. A. S. tIn: RETORE, M.; PEZARICO, C. R. (ed.). Tecnologias para a agricultura familiar. 4. ed. rev. e atual. Dourados: Embrapa Agropecuária Oeste, 2020. p. 49-52, il. Color. (Embrapa Agropecuária Oeste. Documentos, 122). TECNOFAM